European Countries with 10 Million People - Sudden Death - Statistics

General Stats
  • This quiz has been taken 562 times
  • The average score is 7 of 14
Answers on the Grid
Answers color-coded by a green-red scale on the quiz's grid according to % correct below.
Albania
Andorra
Austria
Belarus
Belgium
Bosnia and Herzegovina
Bulgaria
Croatia
Czech Republic
Denmark
Estonia
Finland
France
Germany
Greece
Hungary
Iceland
Ireland
Italy
Kosovo
Latvia
Liechtenstein
Lithuania
Luxembourg
Malta
Moldova
Monaco
Montenegro
Netherlands
North Macedonia
Norway
Poland
Portugal
Romania
Russia
San Marino
Serbia
Slovakia
Slovenia
Spain
Sweden
Switzerland
Ukraine
United Kingdom
Vatican City
 
Answer Stats
Answer % Correct
France
76%
Germany
76%
United Kingdom
69%
Russia
61%
Spain
61%
Ukraine
59%
Italy
57%
Poland
52%
Netherlands
40%
Romania
37%
Belgium
28%
Sweden
27%
Portugal
22%
Czech Republic
19%
No matching quizzes found
Score Distribution
Percent of People with Each Score
Percentile by Number Answered
Your Score History
You have not taken this quiz